| 000 | 01495cad a22002295a 4500 | ||
|---|---|---|---|
| 001 | L153615 | ||
| 008 | 110810s2011 xxkad f s 000 0 eng d | ||
| 035 | _a(Sirsi) u153615 | ||
| 041 | 0 | _aeng | |
| 050 | 0 | 4 | _a333.33 $2 18 |
| 110 | 2 |
_aRoyal Institution of Chartered Surveyors _bEconomics _95033 |
|
| 245 | 0 | 0 |
_aRICS UK commercial market survey _bQ2 2011 _h[electronic resource] |
| 260 |
_aLondon _bRICS _c2011 |
||
| 490 | 0 |
_aRICS Commercial Market Survey United Kingdom _vQ2 2011 |
|
| 520 | _aThe London office market continues to outperform the rest of the UK. Occupier demand and availability increasing nationally at broadly the same pace. The London office sector rental outlook is buoyed by rising occupier demand and falling availability. Rental outlook for retail and industrial while much weaker than offices is also stronger in London than elsewhere highlights that moderate increases in both occupier demand and availability took place during Q2. However, rental value expectations remain negative at the all property level albeit only moderately. Capital value expectations remain in negative territory despite a second successive increase in investment demand. | ||
| 590 | _aKA | ||
| 650 | 2 | 4 | _aRICS COMMERCIAL MARKET SURVEY |
| 651 | 4 |
_aUnited Kingdom _y |
|
| 690 | _aPROPERTY-COMMERCIAL PROPERTY-COMMERCIAL PROPERTY MARKET | ||
| 856 | 4 | 0 |
_uhttps://www.rics.org/site/download_feed.aspx?fileID=10054&fileExtension=PDF _zView the report free of charge at www.rics.org |
| 942 | _n0 | ||
| 999 |
_c112613 _d112613 |
||